Wird geladen...

Auramgabad Ki Hindi santvani

Bibliographische Detailangaben
Weitere Verfasser: Rav, Bhalcandra (HerausgeberIn)
Format: Printed Book
Sprache:English
Veröffentlicht: Allahabad Ramnarayanlal Beniprasad 1967
Schlagworte:
LEADER 00664nam a2200253 a 4500
001 adlib96000001
003 ViArRB
005 20151026132628.0
008 960221s1955 dcuabcdjdbkoqu001 0deng d
020
022
040 |a Adlib 
082 |a 89H-1(08) 
245 |a Auramgabad Ki Hindi santvani 
250
260 |a Allahabad  |b Ramnarayanlal Beniprasad  |c 1967 
300 |a 473 p. 
500 |a   
100 |a Rav, Bhalcandra  |e Editor 
700
942 |c BK  |6 _ 
653 |a Poetry - Hindi Literature 
999 |c 52351  |d 52351 
952 |0 0  |1 0  |4 0  |6 89H108_RABA1  |7 0  |9 65233  |a UL  |b UL  |d 2010-06-19  |o 89H-1(08) RAB/A:1  |p H0004398  |r 2010-06-19  |w 2010-06-19  |y BK